00793nam a22002177a 450000500170000001000130001702000220003003500130005203700160006504000120008108200150009310000190010824501040012726000420023127000540027330000200032750000500034765000760039765000800047370000220055320170124105945.0 aA-790970 c200.00a817054211 aA-790970 bCen Lib/Ret aDPLbEN a305.5bBHU aBhushan, L. I. aCasteism :cby L I Bhushan [and] Renu Bala Sinhaba socio-psychological study of college students / aNew DelhibClassical Publishingc1996 bNew Delhia28, Shopping Centre, Karampurae110015 a142p.c20cm(Hb) aIncludes bibliographical references and index aCaste-based discrimination -- India -- Munger (District) -- Case studie aCollege students -- India -- Munger (District) -- Attitudes -- Case studies a Sinha, Renu Bala